000 00804nam a2200205Ii 4500
003 JO-AjNU
008 230605s9999||||xx |||||||||||||| ||und||
040 _aJO-AjNU
_bara
_erda
_cJO-AjNU
041 _aara
050 1 4 _aBP144.A2422 1988
100 3 _aالآجري،أبي بكر بن الحسين بن عبد الله ، دراسة وتحقيق: مصطفى عبد القادر عطا,
_eauthor
_99546
245 0 0 _aتحريم النرد والشطرنج والملاهي
250 _aط1
264 3 1 _aبيروت: دار الكتب العلمية، 1988
300 _a120ص
336 _atext
_btxt
_2rdacontent
337 _aunmediated
_bn
_2rdamedia
338 _avolume
_bnc
_2rdacarrier
650 4 _aالحلال والحرام- الحظر والاباحة- الاسلام والترفيه
_99547
999 _aA1356
_c4924
_d4924